000 00251nmm a2200085Ia 4500
008 220120s9999||||xx |||||||||||||||||und||
100 _aTompkins, Willis, J
_92126
245 0 _aBiomedical digital signal processing
260 _aTata mcgraw hill company Ltd.
999 _c139556
_d139556